Computer production. (Record no. 116232)
[ view plain ]
| 000 -LEADER | |
|---|---|
| fixed length control field | 00311nam a2200133 a 4500 |
| 005 - DATE AND TIME OF LATEST TRANSACTION | |
| control field | 20140513081048.0 |
| 008 - FIXED-LENGTH DATA ELEMENTS--GENERAL INFORMATION | |
| fixed length control field | 020606s19uu xx 00 eng d |
| 050 ## - LIBRARY OF CONGRESS CALL NUMBER | |
| Classification number | P 004 |
| Item number | COM |
| 245 ## - TITLE STATEMENT | |
| Title | Computer production. |
| 300 ## - PHYSICAL DESCRIPTION | |
| Extent | Poster |
| 440 ## - SERIES STATEMENT/ADDED ENTRY--TITLE | |
| Title | Holt Science |
| 650 ## - SUBJECT ADDED ENTRY--TOPICAL TERM | |
| Topical term or geographic name as entry element | Computers--Posters |
| Withdrawn status | Lost status | Damaged status | Home library | Current library | Shelving location | Date acquired | Source of acquisition | Total Checkouts | Full call number | Barcode | Date last seen | Price effective from | Koha item type |
|---|---|---|---|---|---|---|---|---|---|---|---|---|---|
| Elizalde Library | Elizalde Library | KIT Section | 06/06/2002 | P 004 COM | E193 | 05/13/2014 | 05/13/2014 | Kits |